000 00220 a2200097 4500
001 58714
100 _a
245 _aGround Studies for Pilots ; Flight Planning
260 _aUK
_bBlackwell
_c2002
090 _c36036
_d36036
942 _aNUST-CAE
_c
_c28932
999 _c293787
_d293787